| 000 | 00600naa a2200217 a 4500 | ||
|---|---|---|---|
| 001 | 82666 | ||
| 003 | BD-RjUL | ||
| 005 | 20240117151907.0 | ||
| 008 | 240117s1928 p ||||| |||| 00| 0 urd d | ||
| 035 | _a(BD-RjUL)82666 | ||
| 040 |
_aBD-RjUL _beng _cBD-RjUL |
||
| 041 | _aurd | ||
| 082 |
_223 _a891.55092 _bABZ 1928 |
||
| 100 |
_aعبد الحق ;;Abdul Haq _910916 |
||
| 245 | 1 | 0 |
_aذكر مير ;; Z̲ikr-i Mīr / _cعبد الحق ;;Abdul Haq |
| 260 |
_aAwrangabad: _bAnjuman i Urdu, _c1928 |
||
| 300 |
_a153 p. ; _c22 cm |
||
| 600 |
_amir Taqi _910917 |
||
| 650 | _abiography | ||
| 942 |
_2ddc _cBK |
||
| 999 |
_c82666 _d82666 |
||